Ayub khan; Pakistan's first military ruler (Record no. 292787)

000 -LEADER
fixed length control field 00298 a2200121 4500
001 - CONTROL NUMBER
control field 57714
082 ## - DEWEY DECIMAL CLASSIFICATION NUMBER
Classification number 923.25491 GAU
090 ## - LOCALLY ASSIGNED LC-TYPE CALL NUMBER (OCLC); LOCAL CALL NUMBER (RLIN)
-- 35398
-- 35398
100 ## - MAIN ENTRY--PERSONAL NAME
Personal name Altaf Gauhar
245 ## - TITLE STATEMENT
Title Ayub khan; Pakistan's first military ruler
260 ## - PUBLICATION, DISTRIBUTION, ETC.
Place of publication, distribution, etc. Lahore
Name of publisher, distributor, etc. Sange Meel Pub
Date of publication, distribution, etc. 1993
300 ## - PHYSICAL DESCRIPTION
Extent 540p.
942 ## - ADDED ENTRY ELEMENTS (KOHA)
Institution code [OBSOLETE] NUST-CAE
Call number prefix 923.25491 GAU
Holdings
Withdrawn status Lost status Damaged status Not for loan Collection code Permanent Location Current Location Date acquired Total Checkouts Full call number Barcode Date last seen Price effective from Koha item type
          College of Aeronautical Engineering (CAE) College of Aeronautical Engineering (CAE) 04/03/2017   923.25491 GAU CAE65588 04/05/2017 04/05/2017 Book
© 2023 Central Library, National University of Sciences and Technology. All Rights Reserved.